000 00913nam a2200301Ia 4500
001 Para_7085
003 CHAP
008 220125s1970 xx 000 0 und d
010 _a205906
040 _cCHAP
082 _aPA 631.46 U55
110 _aUniversity of California
_9116697
245 _aRoot diseases and soil-borne pathogens /
_c by T. A. Toussoun, Robert V. Bega and Paul E. Nelson
260 _aLos Angeles :
_b University of California
300 _a252 p.
650 _aRaíces
_x enfermedades
_994673
650 _aSuelos
_x microbiología Suelos y fitopatología
_9172029
700 _aBega, Robert V.
_911274
700 _aNelson, Paul E.
_980795
700 _aToussoun, T. A
_9114387
901 _aPA 631.46 U55
902 _aA
905 _a0000001970 0000000000 00
910 _a1970
942 _cPARA
942 _cPARA
_d1
999 _c205906
_d205906